000 00440nam a2200133Ia 4500
008 220620s9999||||xx |||||||||||||| ||und||
020 _a9780260000000
100 _aDawkins, Casey J.
245 0 _aJust Housing
_bThe Moral Foundations of American Housing Policy
546 _aEnglish[eng]
650 _aUrban communities||Urban and municipal planning||Housing law
856 _uhttps://doi.org/10.7551/mitpress/13587.001.0001
942 _cEB
999 _c22954
_d22954